000 00901nam a22002177a 4500
003 LK-CoDNM
005 20241015103527.0
008 241015b |||||||| |||| 00| 0 eng d
040 _aLK-CoDNM
_dLK-CoDNM
_eLK-CoDNM
041 _asin
080 _aප්‍ර.න
_b18.d
100 _aසිරිසේන ගාල්ලගේ
245 _aනිබන්ධන විශ්ව විද්‍යාලීය ශාස්ත්‍රිය සංග්‍රහය-1966 මැයි
260 _aකොළඹ 10
_bසමයවරධන මුද්‍රණාලය
_c1966
300 _b76p. ; 24 cm
650 _aනිබන්ධන විශ්ව විද්‍යාලීය ශාස්ත්‍රිය සංග්‍රහය-1966 මැයි
650 _aසිරිසේන ගාල්ලගේ
650 _aප්‍ර.න 18.d
650 _a1966
942 _cBK
999 _c219489
_d219489